LEADER 01878nam 2200613 a 450 001 9910454141303321 005 20200520144314.0 010 $a1-282-49636-0 010 $a9786612496363 010 $a0-7425-6386-3 035 $a(CKB)1000000000706265 035 $a(SSID)ssj0000138427 035 $a(PQKBManifestationID)12046294 035 $a(PQKBTitleCode)TC0000138427 035 $a(PQKBWorkID)10100687 035 $a(PQKB)11536669 035 $a(SSID)ssj0000740805 035 $a(PQKBManifestationID)12305128 035 $a(PQKBTitleCode)TC0000740805 035 $a(PQKBWorkID)10701203 035 $a(PQKB)11670846 035 $a(MiAaPQ)EBC467017 035 $a(Au-PeEL)EBL467017 035 $a(CaPaEBR)ebr10364283 035 $a(CaONFJC)MIL249636 035 $a(OCoLC)301746453 035 $a(EXLCZ)991000000000706265 100 $a20080630d2009 uy 0 101 0 $aeng 135 $aurcn||||||||| 181 $ctxt 182 $cc 183 $acr 200 10$aDialogues on the ethics of capital punishment$b[electronic resource] /$fDale Jacquette 210 $aLanham $cRowman & Littlefield$dc2009 215 $avii, 139 p 225 1 $aNew dialogues in philosophy 300 $aBibliographic Level Mode of Issuance: Monograph 311 $a0-7425-6144-5 311 $a0-7425-6143-7 320 $aIncludes bibliographical references (p. 135-138). 410 0$aNew dialogues in philosophy. 606 $aCapital punishment$xMoral and ethical aspects 608 $aElectronic books. 615 0$aCapital punishment$xMoral and ethical aspects. 676 $a172/.2 700 $aJacquette$b Dale$0281704 801 0$bMiAaPQ 801 1$bMiAaPQ 801 2$bMiAaPQ 906 $aBOOK 912 $a9910454141303321 996 $aDialogues on the ethics of capital punishment$91957655 997 $aUNINA LEADER 02361nam 2200601Ia 450 001 9910784116503321 005 20230330225853.0 010 $a1-280-81172-2 010 $a9786610811724 010 $a0-85199-918-2 035 $a(CKB)1000000000344549 035 $a(EBL)292089 035 $a(OCoLC)476051698 035 $a(SSID)ssj0000243363 035 $a(PQKBManifestationID)11186013 035 $a(PQKBTitleCode)TC0000243363 035 $a(PQKBWorkID)10322086 035 $a(PQKB)11455957 035 $a(MiAaPQ)EBC292089 035 $a(Au-PeEL)EBL292089 035 $a(CaPaEBR)ebr10170097 035 $a(EXLCZ)991000000000344549 100 $a19990730d2000 uy 0 101 0 $aeng 135 $aur|n|---||||| 181 $ctxt$2rdacontent 182 $cc$2rdamedia 183 $acr$2rdacarrier 200 10$aSeed biology $eadvances and applications : proceedings of the sixth International Workshop on Seeds, Me?rida, Me?xico, 1999 /$feditors, Michael Black, Kent J. Bradford, Jorge Va?zquez-Ramos 210 1$aWallingford, Oxon, UK ;$aNew York :$cCABI Pub.,$d2000. 215 $a1 online resource (528 pages) $cillustrations 300 $aDescription based upon print version of record. 311 0 $a0-85199-404-0 320 $aIncludes bibliographical references and index. 327 $aContributors; Preface; I Opening Presentations; II Development and Quality; III Storage and Vigour; IV Germination; V Dormancy; VI Ecology; VII Applications of Seed Biology; Index 330 $aSubstantial progress has been made in seed science during the past few years, emphasizing the important role seed biology plays in advancing plant biotechnology, agriculture and plant resource management and conservation. This book describes the status of seed research and technology. 606 $aSeeds$vCongresses 606 $aPlants 615 0$aSeeds 615 0$aPlants. 676 $a575.68 676 $a631.521 701 $aBlack$b Michael$063188 701 $aBradford$b K. J$g(Kent J.)$0962189 701 $aVa?zquez-Ramos$b Jorge$01572579 712 12$aInternational Workshop on Seeds$d(6th :$f1999 :$eMe?rida, Mexico) 801 0$bMiAaPQ 801 1$bMiAaPQ 801 2$bMiAaPQ 906 $aBOOK 912 $a9910784116503321 996 $aSeed biology$93847617 997 $aUNINA LEADER 00902cam0-2200313---450 001 990004296570403321 005 20240710132406.0 035 $a000429657 100 $a19990604d1966----km-y0itay50------ba 101 0 $aita 102 $aIT 105 $ay-------001yy 200 1 $aStoria della sofistica$fAdolfo Levi$ga cura di D. Pesce 210 $aNapoli$cMorano$dc1966 215 $aXII, 333 p.$d22 cm 225 1 $aCollana di filosofia$v6 610 0 $aSofisti 676 $a183.1$v21$zita 700 1$aLevi,$bAdolfo$f<1878-1948>$0160190 702 1$aPesce,$bDomenico 801 0$aIT$bUNINA$gREICAT$2UNIMARC 901 $aBK 912 $a990004296570403321 952 $a183.1 LEVA 01$bST.FIL.2494$fFLFBC 952 $a183.1 LEVA 01 BIS$bIST.FIL.T.1666$fFLFBC 952 $aDFT A83 LEVA 01$b2021/116$fFLFBC 959 $aFLFBC 996 $aStoria della sofistica$9489018 997 $aUNINA